[Event "IBCA Wch blind 11th"]
[Site "Goa"]
[Date "2006.10.15"]
[Round "6"]
[White "Schellmann, Frank"]
[Black "Tamayo, Norlis Llera"]
[Result "1-0"]
[WhiteElo "2116"]
[BlackElo "2211"]
[PlyCount "81"]
[EventDate "2006.10.09"]
[EventType "swiss"]
[EventRounds "9"]
[EventCountry "IND"]
[SourceTitle "CBM 114 Extra"]
[Source "ChessBase"]
[SourceDate "2006.11.03"]
[SourceVersion "1"]
[SourceVersionDate "2006.11.03"]
[SourceQuality "1"]

1. e4 c5 2. c3 d5 3. exd5 Qxd5 4. d4 Nc6 5. Nf3 Bg4 6. Be2 e6 7. h3 Bh5 8. c4 Qd6 9. d5 Bxf3 10. Bxf3 Nd4 11. Nc3 0-0-0 12. 0-0 e5 13. Be3 f5 14. b4 Qf6 15. bxc5 Bxc5 16. Na4 Nxf3+ 17. Qxf3 e4 18. Qe2 Bxe3 19. Qxe3 Kb8 20. Rab1 Ne7 21. Nc5 b6 22. Ne6 Nc8 23. Nxd8 Rxd8 24. a4 Qe5 25. f4 Qc7 26. Qd4 Ka8 27. a5 Rd6 28. axb6 axb6 29. Rfc1 Rg6 30. Ra1+ Kb7 31. Qe3 Qd6 32. Ra4 h5 33. c5 Qxd5 34. Rd4 Qa2 35. Rd2 Qa4 36. cxb6 Nxb6 37. Qc5 Rc6 38. Qe7+ Ka6 39. Rxc6 Qxc6 40. Ra2+ Na4 41. Qb4 1-0

[Event "IBCA Wch blind 11th"]
[Site "Goa"]
[Date "2006.10.11"]
[Round "3"]
[White "Gromme, Alfred"]
[Black "Tamayo, Norlis Llera"]
[Result "0-1"]
[WhiteElo "1538"]
[BlackElo "2211"]
[PlyCount "96"]
[EventDate "2006.10.09"]
[EventType "swiss"]
[EventRounds "9"]
[EventCountry "IND"]
[SourceTitle "CBM 114 Extra"]
[Source "ChessBase"]
[SourceDate "2006.11.03"]
[SourceVersion "1"]
[SourceVersionDate "2006.11.03"]
[SourceQuality "1"]

1. d4 Nf6 2. c4 g6 3. Nc3 Bg7 4. Bf4 d6 5. Nf3 Nbd7 6. e3 0-0 7. Be2 c6 8. 0-0 Nh5 9. Bg5 h6 10. Bh4 g5 11. Nxg5 hxg5 12. Bxg5 Nhf6 13. f4 Nh7 14. Bd3 f5 15. Qh5 Ndf6 16. Qh4 Qe8 17. Rae1 e6 18. e4 Nxg5 19. fxg5 Qh5 20. Qxh5 Nxh5 21. Be2 Bxd4+ 22. Kh1 Ng7 23. exf5 exf5 24. Rf3 Be6 25. Rd3 Bxc3 26. Rxc3 d5 27. cxd5 Bxd5 28. b3 Rae8 29. Rcc1 Re6 30. Bc4 Rfe8 31. Rxe6 Rxe6 32. Kg1 Re3 33. h4 Bxc4 34. Rxc4 Kf7 35. Rd4 Re7 36. Kh2 Re2 37. Kh3 c5 38. Rd5 b6 39. Rd3 Ne6 40. Rf3 Nd4 41. Rd3 Re4 42. Rg3 Ne2 43. Rf3 Ng1+ 44. Kg3 Rg4+ 45. Kf2 Nxf3 46. gxf3 Rxh4 47. Kg3 Rd4 48. f4 Kg6 0-1

[Event "IBCA Wch blind 11th"]
[Site "Goa"]
[Date "2006.10.10"]
[Round "2"]
[White "Tamayo, Norlis Llera"]
[Black "Pribeanu, Mihai Dacian"]
[Result "0-1"]
[WhiteElo "2211"]
[BlackElo "2328"]
[PlyCount "76"]
[EventDate "2006.10.09"]
[EventType "swiss"]
[EventRounds "9"]
[EventCountry "IND"]
[SourceTitle "CBM 114 Extra"]
[Source "ChessBase"]
[SourceDate "2006.11.03"]
[SourceVersion "1"]
[SourceVersionDate "2006.11.03"]
[SourceQuality "1"]

1. e4 e6 2. d4 d5 3. exd5 exd5 4. c4 Nf6 5. Nc3 c6 6. Bg5 dxc4 7. Bxc4 Be7 8. Nf3 0-0 9. 0-0 a6 10. Qe2 b5 11. Bd3 Bb7 12. Rad1 Nbd7 13. d5 cxd5 14. Nd4 b4 15. Nb1 g6 16. Nd2 Re8 17. N2f3 Bd6 18. Qd2 Qb6 19. Be3 Ng4 20. Bf4 Nde5 21. Be2 Nf6 22. Nxe5 Bxe5 23. Bxe5 Rxe5 24. Bf3 Ne4 25. Qh6 Rae8 26. g3 a5 27. Bg4 Ba6 28. Rfe1 Qf6 29. f4 R5e7 30. Qh3 Nc5 31. Rxe7 Qxe7 32. Qg2 Qe3+ 33. Qf2 Qxf2+ 34. Kxf2 Nd3+ 35. Kg1 Nxb2 36. Rb1 Na4 37. Nb3 Nc3 38. Ra1 Bc4 0-1